000 00302 a2200097 4500
020 _a9789370980167
100 _aBabu Ramachandran
245 _aParanjutheeratha vallatha kathakal(പറഞ്ഞുതീരാത്ത വല്ലാത്ത കഥകൾ)
260 _bD C books
_c2025
942 _cOO
999 _c115326
_d115325